کللییات سا غرنظا می (Record no. 108941)

MARC details
000 -LEADER
fixed length control field 00752nam a22002417a 4500
005 - DATE AND TIME OF LATEST TRANSACTION
control field 20170123162347.0
010 ## - LIBRARY OF CONGRESS CONTROL NUMBER
LC control number A-941213
020 ## - INTERNATIONAL STANDARD BOOK NUMBER
Terms of availability 300.00
035 ## - SYSTEM CONTROL NUMBER
System control number A-941213
037 ## - SOURCE OF ACQUISITION
Source of stock number/acquisition Cen Lib/Ret
040 ## - CATALOGING SOURCE
Original cataloging agency DPL
Language of cataloging UR
082 ## - DEWEY DECIMAL CLASSIFICATION NUMBER
Classification number 841
Edition number ن ظ ا
100 ## - MAIN ENTRY--PERSONAL NAME
Personal name مظفر حنفی
9 (RLIN) 133287
245 ## - TITLE STATEMENT
Title کللییات سا غرنظا می
Statement of responsibility, etc مظفر حنفی
246 ## - VARYING FORM OF TITLE
Title proper/short title lyate saghr nizamee
Remainder of title by Hanfi, Muzffer
260 ## - PUBLICATION, DISTRIBUTION, ETC. (IMPRINT)
Name of publisher, distributor, etc نی دہلی
Place of publication, distribution, etc موڈرن پبلککن ہاؤس
Date of publication, distribution, etc 1999
300 ## - PHYSICAL DESCRIPTION
Extent 463p.
Dimensions 21cm(Hb)
650 ## - SUBJECT ADDED ENTRY--TOPICAL TERM
Topical term or geographic name as entry element اردو ادب
9 (RLIN) 133288
650 ## - SUBJECT ADDED ENTRY--TOPICAL TERM
Topical term or geographic name as entry element اردو ادب
Form subdivision شیری
9 (RLIN) 589
650 ## - SUBJECT ADDED ENTRY--TOPICAL TERM
Topical term or geographic name as entry element Urdu litrerature
9 (RLIN) 590
650 ## - SUBJECT ADDED ENTRY--TOPICAL TERM
Topical term or geographic name as entry element Urdu literature
Form subdivision Poetry
9 (RLIN) 591
942 ## - ADDED ENTRY ELEMENTS (KOHA)
Source of classification or shelving scheme Dewey Decimal Classification
Koha item type Urdu Bks
Classification part 841
Call number suffix ن ظ ا
Holdings
Withdrawn status Lost status Damaged status Not for loan Collection code Home library Current library Date acquired Source of acquisition Cost, normal purchase price Total Checkouts Full call number Barcode Date last seen Copy number Cost, replacement price Price effective from Koha item type
      Not For Loan Reference Central Library Central Library 12/02/2016 Cen Lib/Ret 300.00   841 A-941213 12/02/2016 1 300.00 12/02/2016 Urdu Bks

© Delhi Public Library
Hit Counter
free hit counter